Uplatňovanie výpočtovej techniky v cestovnom ruchu a spoločnom stravovaní Zborník. Trenčianske Teplice, hotel Jalta, 24.-25.3. 1987

Guardado en:
Detalles Bibliográficos
Formato: Libro
Lenguaje:eslovaco
Publicado: Banská Bystrica Dom techn. ČSVTS 1987
Edición:1. vyd.
Etiquetas: Agregar Etiqueta
Sin Etiquetas, Sea el primero en etiquetar este registro!

MARC

LEADER 00000nam a2200000 4500
001 c027124
005 20221219095351.8
041 0 |a slo 
044 |a SK 
245 1 0 |a Uplatňovanie výpočtovej techniky v cestovnom ruchu a spoločnom stravovaní  |b Zborník. Trenčianske Teplice, hotel Jalta, 24.-25.3. 1987 
250 |a 1. vyd. 
264 1 |a Banská Bystrica  |b Dom techn. ČSVTS  |c 1987 
300 |a 161 s.